Kanada lub Afryka według powierzchni - Statystyki

Ogólne statystyki
  • Ten quiz został rozwiązany 1 011 razy
  • Średni wynik to 13 z 18
Statystyki odpowiedzi
km² Odpowiedź % Poprawnych
2 381 741 Algieria
93%
2 344 858 Demokratyczna Republika Konga
91%
1 221 037 Republika Południowej Afryki
91%
1 001 449 Egipt
86%
1 861 484 Sudan
86%
1 267 000 Niger
85%
1 759 540 Libia
83%
1 284 000 Czad
80%
1 240 192 Mali
78%
1 246 700 Angola
72%
1 104 300 Etiopia
71%
1 030 700 Mauretania
70%
1 542 056 Quebec
66%
945 203 Tanzania
63%
1 076 395 Ontario
54%
944 735 Kolumbia Brytyjska
37%
2 093 190 Nunavut
32%
1 346 106 Terytoria Północno-Zachodnie
26%
Nie znaleziono quizów pasujących do podanych kryteriów
Rozkład punktacji
Procent ludzi z każdym wynikiem
Percentyl według liczby udzielonych odpowiedzi
Twoja historia wyników
Nie rozwiązałeś tego quizu